000 00672nam a2200289Ia 4500
005 20260324123705.0
008 008 260324s9999 xx 000 0 eng d
020 _a9780203806579
037 _aEBOOK
040 _aCRL
040 _beng
040 _cCRL
041 _2eng
041 _aeng
084 _qCRL
100 _aJane M. Ussher; Jane Ussher
_91171274
245 4 _aThe Madness of Women
245 0 _bMyth and Experience
260 _bTaylor and Francis
260 _c2011
365 _a
365 _b230
856 _uhttp://www.taylorfrancis.com/books/9780203806579
942 _cEBOOK
999 _c1765010
_d1765010